| 000 | 00529nam a2200181 4500 | ||
|---|---|---|---|
| 999 |
_c170480 _d170480 |
||
| 005 | 20191216162404.0 | ||
| 010 | _aENG-127154 | ||
| 020 |
_a9789352876907 _c445.00 |
||
| 035 | _aEN-110686 | ||
| 037 | _bDBAD/PUB | ||
| 082 | _aN | ||
| 100 | _aChudamani, R. | ||
| 245 |
_aThe solitary sprout / _cby R.Chudamani |
||
| 260 |
_aHyderabad _bOrient Blankswan Private _c2019 |
||
| 270 |
_a3-6-752 Himayatnagar, Hyderabad _bTelangana _e500029 _mindo@orientblackswan.com |
||
| 300 |
_axxxi;216p . _c21cm(pbk) |
||
| 942 |
_2ddc _cEN _hN _mCHU |
||